| 000 | 01008mam a2200313 a 4500 | ||
|---|---|---|---|
| 001 | 3242700 | ||
| 003 | ARRUPE | ||
| 005 | 20131217131403.0 | ||
| 008 | 010725s2001 enk b 001 0 eng | ||
| 010 | _a 2001040647 | ||
| 015 | _aGBA1-W4543 | ||
| 020 | _a0333960904 (pbk.) | ||
| 035 | _a(OCoLC)ocm47666738 | ||
| 040 |
_aDLC _cDLC _dUKM _dC#P |
||
| 050 | 0 | 0 |
_aQ125 _b.H5587 2001 |
| 100 | 1 |
_aHenry, John. _95818 |
|
| 245 | 1 | 4 |
_aThe scientific revolution and the origins of modern science / _cJohn Henry. |
| 250 | _a2nd ed. | ||
| 260 |
_aHoundmills, Basingstoke, Hampshire ; _aNew York : _bPalgrave, _c2001. |
||
| 300 |
_aix, 160 p. ; _c22 cm. |
||
| 490 | 1 | _aStudies in European history | |
| 504 | _aIncludes bibliographical references (p. 113-138) and index. | ||
| 650 | 0 |
_aScience _xHistory. _95819 |
|
| 650 | 0 |
_aScience _xMethodology. _95820 |
|
| 650 | 0 |
_aScience _xPhilosophy. _95821 |
|
| 830 | 0 |
_aStudies in European history (New York, N.Y.) _95822 |
|
| 942 |
_2lcc _cMONOGRAPH |
||
| 999 |
_c119301 _d119301 |
||